000 00756nam a22002057a 4500
005 20100907111819.0
007 sd ammalaaahaa
008 100907t xxu||||| |||| 00| 0 hin d
028 _aH. 2080
_bHindustan Record
035 _aGR-01144
040 _aSED/VEN
100 _aArabinda Biswas
_918699
245 _aMera Mann Megh Ka sathi Part 1 :
_cby Arabinda Biswas
_h[Sound Recording]
260 _aDum Dum, India
_bHindustan Record
300 _a1 sound disc [Gramophone Record] :
_banalog, 33.1/3 rpm
_c10 in.
_fGramophone Record
500 _aBrief record
505 _aVeena Mery Kaun Sur Gaawen Ravindra Bhaw Geeti part 2 (Arabinda Biswas)
942 _2ddc
_cGR
999 _c44163
_d44163